000 00442nam a2200181 a 4500
001 14115
003 CO-ViMGA
008 141112s2004 ck r 000 u spa d
020 _a847702135X
040 _aCO-ViMGA
_bspa
_cCO-ViMGA
082 0 4 _a823 D695
100 1 _aDoyle, Arthur C.
_920640
245 1 0 _aLa compaƱia blanca
260 _aMadrid :
_bValdemar,
_c1995
300 _a514
650 1 4 _aNOVELA ESCOCESA
_948489
942 _2ddc
_cBK
999 _c24814
_d24814